000 01045nam a22003617a 4500
001 BR2011002840
003 BR-BrBNA
005 20230928103720.0
007 ta
008 230509b bl.||||| |||| 00| 0 por d
040 _aBR-BrBNA
_bpor
_cBiblioteca Nacional de Agricultura
041 _a(Por)
072 _aL01; B50
_b7110
090 _ 7110 BR2011002840
100 1 _aDuarte, R.B. de A.
110 1 _aServiço Brasileiro de Apoio as Micro e Pequenas Empresas, Brasília, DF (Brasil)
245 1 _aHistórias de sucesso: agronegócios, apicultura
260 3 _aBrasília, DF (Brasil):
_c2006.
300 _a138 p.
500 _aIncludes several bibliographies.; 13 illus.; 5 tables
650 _aHISTÓRIA
650 _aAGRONEGÓCIO
650 _aAPICULTURA
650 _aDESENVOLVIMENTO AGRÍCOLA
650 _aPRODUÇÃO
650 _aMERCADO NACIONAL
650 _aMERCADO INTERNACIONAL
650 _aECONOMIA
650 _aTECNOLOGIA
650 _aMEL
909 _a202309
_bLucia
_c55
_dLucia Elande
942 _cBK
999 _c76293
_d76293